Guess the Capital City from Flag 8 - Statistics

General Stats
  • This quiz has been taken 18 times
  • The average score is 16 of 20
Answer Stats
Picture Answer % Correct
Beijing
100%
Canberra
93%
Lisbon
93%
Bangkok
86%
Islamabad
86%
Jerusalem
86%
Kathmandu
86%
Belmopan
79%
Bridgetown
79%
Jakarta
79%
Montevideo
79%
Seoul
79%
Asunción
71%
Bujumbura, Gitega
71%
Chișinău
71%
Georgetown
71%
Luanda
71%
Santo Domingo
71%
Vientiane
71%
Port Vila
64%
No matching quizzes found
Score Distribution
Percent of People with Each Score
Percentile by Number Answered
Your Score History
You have not taken this quiz